00909nam a2200253 a 450000100060000000300080000600500170001400800410003103500190007203500120009104000350010304100080013808200240014610000370017024500860020726000460029330000340033950400390037365000250041265000390043794200120047699900170048895201500050561271BD-RjUL20211209080936.0170116s1956 enka b 001 0 eng d a(BD-RjUL)61395 a2423224 aNZOCbengcNZOCdNZOCdBD-RjUL aeng04a686223 bWIM 1956 1 aWilliamson, Hugh,d1918-918274710aMethods of book design :bthe practice of an industrial craft /cHugh Williamson. aLondon :bOxford University Press,c1956. axiv, 430 p. :bill. ;c26 cm. aIncludes bibliographies and index. 0aBook design.9182685 0aBook industries and trade.9182686 2ddccBK c61271d61271 00102ddc40718NFICaRUCLbRUCLcReadingd1957-11-25eOxford University Pressg36.90l0o686 WIM 1956r2017-01-16 00:00:00tC-1w2017-01-16yBK